Equipe cycliste INEOS GRENADIERS 2026 - Statistiques

Statistiques générales
  • Ce quiz a été pris 29 fois
  • Le résultat moyen est 17 sur 29
Statistiques - réponses
PAYS NOM % Correct
FRANCE VAUQUELIN KEVIN
100%
COLOMBIE BERNAL EGAN
94%
ESPAGNE RODRIGUEZ CARLOS
89%
ESPAGNE RODRIGUEZ OSCAR
89%
ITALIE GANNA FILIPPO
83%
FRANCE GODON DORIAN
83%
PAYS BAS ARENSMAN THYMEN
78%
ECOSSE ONLEY OSCAR
78%
POLOGNE KWIATKOWSKI MICHAL
72%
FRANCE LAURANCE AXEL
72%
ROYAUME UNI TARLING JOSHUA
72%
NORVEGE FOSS TOBIAS
67%
USA SHEFFIELD MAGNUS
67%
USA AUGUST ANDREW
56%
LUXEMBOURG JUNGELS BOB
56%
MONACO LANGELOTTI VICTOR
56%
COLOMBIE RIVERA BRANDON
56%
BELGIQUE DE PLUS LAURENS
50%
ROYAUME UNI SWIFT BEN
50%
ROYAUME UNI SWIFT CONNOR
50%
ALLEMAGNE HEIDUK TIM
44%
AUSTRALIE WELSFORD SAM
44%
AUSTRALIE HAMILTON LUCAS
39%
ROYAUME UNI TURNER BEN
39%
ROYAUME UNI WATSON SAMUEL
39%
AUSTRALIE HAIG JACK
28%
USA SHMIDT ARTEM
17%
NORVEGE SVESTAD-BARDSENG EMBRET
11%
DANEMARK OXEMBERG PETER
0%
Aucun quiz correspondant
Distribution des résultats
% des personnes avec chaque résultat
Percentile par nombre de réponses
Votre historique - résultats
Vous n’avez pas pris ce quiz